| 000 | 01583cam a2200517 a 4500 | ||
|---|---|---|---|
| 001 | 22267 | ||
| 003 | VRT | ||
| 005 | 20260324154152.0 | ||
| 008 | 240318s2015 xo gr 000 f slo | ||
| 015 | _aSNBA2015/07 | ||
| 020 |
_a9788055142234 _q(viaz.) |
||
| 035 | _a3DC65DBB-2AA9-4E91-A0EE-FB73D030E77B | ||
| 035 | _aurn:nbn:sk:snk-amkwms | ||
| 035 | _aurn:nbn:sk:snk-am0082yi | ||
| 039 | 9 |
_a202403181907 _bVLOAD _c201606101357 _dVLOAD _c201604300448 _dVLOAD _c201604292233 _dVLOAD |
|
| 040 |
_aPOKPOH _bslo _cPOKPOH _dSNK _eAACR2 |
||
| 041 | 0 | _aslo | |
| 044 |
_axo _cSK |
||
| 072 | 7 |
_a821.162.4-3 _xSlovenská próza _2konspekt |
|
| 080 |
_a821.162.4-31 _22001 |
||
| 100 | 1 |
_aMacháčová, Adriana, _d1966- _4aut |
|
| 245 | 1 | 0 |
_aHubertove ženy _cAdriana Macháčová |
| 250 | _a1. vyd. | ||
| 260 |
_aBratislava _bIkar _c2015 |
||
| 300 |
_a215 s. _c21 cm |
||
| 655 | 7 |
_aslovenské romány _2SNKPH |
|
| 655 | 7 |
_aSlovak fiction _2SNKPHeng |
|
| 910 | _apokpoh | ||
| 910 | _avthk | ||
| 910 | _asnk | ||
| 910 | _askpk | ||
| 910 | _asvkbb | ||
| 910 | _apppk | ||
| 910 | _attkjf | ||
| 910 | _ahevk | ||
| 910 | _abjkdg | ||
| 910 | _asllk | ||
| 910 | _atotk | ||
| 942 |
_2ddc _cKLDO _n0 |
||
| 949 |
_617A1167445 _asnkSC 165199 _bsnk2015/19704 _o1434/15 _s6100:20140925 |
||
| 949 |
_617A1170184 _asnkSC 165199 D1 _bsnk2015/25175 _o1434/15 |
||
| 949 |
_62889304535 _asavukPV 21065 _bsavuk2015/3096 |
||
| 949 |
_6270001000506185 _asvkbbA 145425 _bsvkbbm 755235 |
||
| 949 |
_6273K0602685 _asvkpoA 230194 _bsvkpo599426 |
||
| 999 |
_c22267 _d22267 |
||